|
|
|
|
| LEADER |
00000nam a2200000 a 4500 |
| 001 |
vtls010577360 |
| 003 |
SK-MaSNL |
| 005 |
20260301133636.0 |
| 008 |
180814s1977 xo r 000 0 slo |
| 015 |
|
|
|a SNBA1977
|
| 040 |
|
|
|a SNK
|b slo
|c SNK
|e AACR2
|
| 041 |
0 |
|
|a slo
|
| 044 |
|
|
|a xo
|c SK
|
| 080 |
|
|
|a 371.214:656.8
|2 1981
|
| 080 |
|
|
|a 656.8
|2 1981
|
| 245 |
0 |
0 |
|a Dočasné učebné dokumenty učebných odborov
|b učebný odbor spojový manipulant
|
| 246 |
1 |
5 |
|a Dočasné učebné osnovy pre štvorročné učebné odbory spojový manipulant
|
| 246 |
1 |
2 |
|a Učebný odbor spojový manipulant
|
| 250 |
|
|
|a 1. vyd.
|
| 260 |
|
|
|a Bratislava
|b Slovenské pedagogické nakladateľstvo
|c 1977
|
| 300 |
|
|
|a 90 s.
|c 29 cm
|
| 366 |
|
|
|e 80 výt.
|
| 650 |
0 |
7 |
|a spojový manipulant (učebný odbor)
|2 SNKPH
|9 486374
|
| 650 |
0 |
7 |
|a stredné školy
|2 SNKPH
|9 1279
|
| 655 |
|
7 |
|a učebné osnovy
|2 SNKPH
|9 60479
|
| 710 |
1 |
|
|a Slovensko.
|b Ministerstvo školstva
|4 pbl
|
| 958 |
|
|
|a OND
|
| 999 |
|
|
|c 754280
|d 756210
|
| 952 |
|
|
|a SNK
|b SNK
|y PREZ
|7 0
|p 17A0925951
|o snkSB 25513
|0 0
|1 0
|4 0
|d 2014-02-19
|f 1
|l 0
|r 2025-03-28 00:00:00
|w 2026-02-23
|